00853nam a2200205 a 450000100100000000500170001000800410002702000150006804000250008308200150010811101020012324500940022526000770031930000210039649000310041770000310044883000380047995201130051799900170063000004286820201002040446.0140211s1993 sp 000 0 spa d a8474839408 aDO-SdBNPbspacBNPHU axxxxbxxxx2 aReunión de la cultura en España y su integracionen Europad( 1 a 2 dic : 1992cMadrid)97027410aLa Cultura en España y su Integración en Europa /cpresentación de Jordi Sole-Tura. aMadrid :bMinisterio de Cultura,bSecretaría General Técnica,c1993. a212 p. ;c23 cm.1 aAnálisis y documentosv212aSolé-Tura, Jordi.944602 0aAnálisis y documentosn2970275 001050718MOaGRbGRcCTd2014-02-11iLF1l0oxxxx xxxxp42868-10r2020-06-25w2020-06-25y1ZNo se presta c42357d42357